00237nam a22001097a 4500008004100000020001800041041000800059080000700067100000700074101000800081245003800089170516b xxu||||| |||| 00| 0 eng d a9780312402051 aeng a94 a16 aSHH aGOING TO HTE SOURCEcBROWN.V.B